Population and food supply. (Record no. 3633)
[ view plain ]
| 000 -LEADER | |
|---|---|
| fixed length control field | 00787nac a22002291u 4500 |
| 010 ## - LIBRARY OF CONGRESS CONTROL NUMBER | |
| LC control number | 62053010 |
| 035 ## - SYSTEM CONTROL NUMBER | |
| System control number | (OCoLC)5925883 |
| 082 ## - DEWEY DECIMAL CLASSIFICATION NUMBER | |
| Classification number | 338.19 |
| Item number | C7711 |
| 090 ## - LOCALLY ASSIGNED LC-TYPE CALL NUMBER (OCLC); LOCAL CALL NUMBER (OCLC) | |
| -- | 3633 |
| -- | 3633 |
| 100 ## - MAIN ENTRY--PERSONAL NAME | |
| Personal name | Cook, Robert C. |
| 245 10 - TITLE STATEMENT | |
| Title | Population and food supply. |
| 260 ## - PUBLICATION, DISTRIBUTION, ETC. (IMPRINT) | |
| Place of publication, distribution, etc | [New York?] |
| Name of publisher, distributor, etc | United Nations, Office of Public Information,[1962] |
| Date of publication, distribution, etc | [1962] |
| 300 ## - PHYSICAL DESCRIPTION | |
| Extent | xiv, 49 p. |
| Other physical details | diagrs., tables. |
| Dimensions | 23 cm. |
| 500 ## - GENERAL NOTE | |
| General note | "Sales number: 62.I.22." |
| 500 ## - GENERAL NOTE | |
| General note | Donations |
| 500 ## - GENERAL NOTE | |
| General note | Donations-Bibliotheca Alexandrina |
| 504 ## - BIBLIOGRAPHY, ETC. NOTE | |
| Bibliography, etc | Bibliographical footnotes. |
| 650 #0 - SUBJECT ADDED ENTRY--TOPICAL TERM | |
| Topical term or geographic name as entry element | Food supply. |
| 650 #0 - SUBJECT ADDED ENTRY--TOPICAL TERM | |
| Topical term or geographic name as entry element | Population |
| 942 ## - ADDED ENTRY ELEMENTS (KOHA) | |
| Item type | Book - Borrowing |
| Call number prefix | 338.19C7711 |
| Withdrawn status | Item status | Source of classification or shelving scheme | Damaged status | Not for loan | Home library | Current library | Shelving location | Date acquired | Source of acquisition | Total Checkouts | Full call number | Barcode | Date last seen | Koha item type |
|---|---|---|---|---|---|---|---|---|---|---|---|---|---|---|
| Dewey Decimal Classification | Central Library | Central Library | First floor | 03/05/2007 | Purchase | 338.19 COO | 000030115 | 15/07/2025 | Book - Borrowing |